| 000 | 01060nam a2200265 i 4500 | ||
|---|---|---|---|
| 003 | EG-ScBUE | ||
| 005 | 20240708083955.0 | ||
| 008 | 100708n19uu xx f b 000 0abara d | ||
| 040 |
_aEG-ScBUE _bara _erda _cEG-ScBUE _dEG-ScBUE |
||
| 082 | 0 | 4 |
_222 _a928.15692 _bط ن ا |
| 100 | 1 |
_916085 _aطناحي، طاهر أحمد، _eمؤلف. |
|
| 245 | 1 | 0 |
_aحياة مطران / _cبقلم طاهر أحمد الطناحي. |
| 264 | 1 |
_a[مكان النشر غير محدد] : _b[اسم الناشر غير محدد]، _c[19--؟] |
|
| 300 |
_a399 صفحة ؛ _c24 سم |
||
| 336 |
_2rdacontent _aنص _btxt |
||
| 337 |
_aبدون وسيط _2rdamedia _bn |
||
| 338 |
_aمجلد _bnc _2rdacarrier |
||
| 504 | _aيشتمل على إرجاعات ببليوجرافية. | ||
| 541 |
_a؛ الف باء _c؛ شراء |
||
| 600 | 1 | 7 |
_915353 _aمطران، خليل _d1871-1949. _2BUEsh |
| 650 | 7 |
_916301 _aالشعراء العرب _vتراجم. _2BUEsh |
|
| 650 | 7 |
_aالشعراء اللبنانيون _vتراجم. _2BUEsh |
|
| 655 | _vReading book | ||
| 942 |
_2ddc _cBB |
||
| 999 |
_c14444 _d14444 |
||